Uncontrolled Markets and the Inflationary Process in a Centrally Planned Economy.

This paper analyzes the inflationary process in a centrally planned economy which has an uncontrolled market where prices can move more freely. The maintenance of controls over prices and rationing in the economy leads to the emergence of forces that generate inflation in the uncontrolled market, an...

Fuld beskrivelse

Bibliografiske detaljer
Institution som forfatter: International Monetary Fund
Format: Tidsskrift
Sprog:English
Udgivet: Washington, D.C. : International Monetary Fund, 1989.
Serier:IMF Working Papers; Working Paper ; No. 1989/059
Online adgang:Full text available on IMF
LEADER 01689cas a2200241 a 4500
001 AALejournalIMF010069
008 230101c9999 xx r poo 0 0eng d
020 |c 5.00 USD 
020 |z 9781451965599 
022 |a 1018-5941 
040 |a BD-DhAAL  |c BD-DhAAL 
110 2 |a International Monetary Fund. 
245 1 0 |a Uncontrolled Markets and the Inflationary Process in a Centrally Planned Economy. 
264 1 |a Washington, D.C. :  |b International Monetary Fund,  |c 1989. 
300 |a 1 online resource (28 pages) 
490 1 |a IMF Working Papers 
500 |a <strong>Off-Campus Access:</strong> No User ID or Password Required 
500 |a <strong>On-Campus Access:</strong> No User ID or Password Required 
506 |a Electronic access restricted to authorized BRAC University faculty, staff and students 
520 3 |a This paper analyzes the inflationary process in a centrally planned economy which has an uncontrolled market where prices can move more freely. The maintenance of controls over prices and rationing in the economy leads to the emergence of forces that generate inflation in the uncontrolled market, and that cause shrinkage of the controlled economy as resources move into the uncontrolled market. Decontrol of prices and production of the controlled market is the optimal policy. The adoption of this policy facilitates an increase in income and aggregate demand, which raises the equilibrium prices and total production in the economy. 
538 |a Mode of access: Internet 
830 0 |a IMF Working Papers; Working Paper ;  |v No. 1989/059 
856 4 0 |z Full text available on IMF  |u http://elibrary.imf.org/view/journals/001/1989/059/001.1989.issue-059-en.xml  |z IMF e-Library